David Hume : prophet of the counter-revolution /

Bibliographic Details
Main Author: Bongie, Laurence L.
Format: Book
Language:English
Published: Oxford : Clarendon Press, 1965.
Subjects:

MARC

Tag First Indicator Second Indicator Subfields
LEADER 00000cam a2200000 4500
001 in00000059642
005 20151008050511.0
008 720905s1965 enk b 00000 eng u
010 |a  66001107  
035 |a (OCoLC)00398804 
035 |9 AAG1419AM 
040 |c WSU  |d TXA  |d UtOrBLW 
049 |a TXAM  |c [472736] 
050 0 |a DA415  |b .B6 
092 |a 320.5b  |b B713d 
100 1 |a Bongie, Laurence L. 
245 1 0 |a David Hume :  |b prophet of the counter-revolution /  |c by Laurence L. Bongie. 
264 1 |a Oxford :  |b Clarendon Press,  |c 1965. 
300 |a 182 pages 
336 |a text  |b txt  |2 rdacontent 
337 |a unmediated  |b n  |2 rdamedia 
338 |a volume  |b nc  |2 rdacarrier 
504 |a Bibliographical footnotes. 
600 1 0 |a Hume, David,  |d 1711-1776.  |t History of Great Britain under the House of Stuart. 
651 0 |a Great Britain  |x History  |y Civil War, 1642-1649. 
651 0 |a France  |x History  |y Revolution, 1789-1799. 
999 |a MARS 
999 f f |s 34c9450d-f0bd-3d01-b5fb-dc5ba443e175  |i e7446529-113a-3f65-831d-96db499d9316  |t 0 
952 f f |p ric  |a Texas A&M University  |b Rellis Campus  |c Joint Library Facility  |d Remote Storage  |t 0  |e DA415 .B6  |h Library of Congress classification  |i unmediated -- volume  |m A14800658965 
998 f f |a DA415 .B6  |t 0  |l Remote Storage